000 00390nam a22001697a 4500
005 20251119113954.0
082 _a530 NAH
100 _aNahari A
_9252
100 _aSindhu R L
_9253
100 _aHaritha V G
_9254
100 _aSini Chandran
_9255
245 _aPhysics for Engineers_A&B
250 _a1
260 _aOwl Books
_bTrivandrum
_c2025
650 _aPhysics
_9943
942 _cBK
999 _c38016
_d38016